| 000 | 00695nam a22001697a 4500 | ||
|---|---|---|---|
| 999 |
_c15023 _d15023 |
||
| 003 | AR-CdUCM | ||
| 008 | 190425b ||||| |||| 00| 0 spa d | ||
| 040 |
_aMUNICIPALIDAD PROVINCIAL DEL CUSCO _cBIBLIOTECA MUNICIPAL DEL CUSCO |
||
| 082 |
_aC / 340.4 / _bA65 |
||
| 100 |
_aAraujo Cordova, Joaquin E. _934031 |
||
| 245 | _aLa convención colectiva como sistema destinado a la prevención o solución de conflictos colectivos de trabajo / | ||
| 260 |
_aCusco : _bUnsaac, _c1976. |
||
| 300 |
_a88 hojas ; _c28 cm. |
||
| 505 | _aLos conflictos colectivos de trabajo -- La convención colectiva de trabajo como medio de prevención de conflictos colectivos -- | ||
| 942 |
_2ddc _cTESIS |
||
| 945 | _awfj | ||